00613 a2200181 45000010006000000050017000060080041000230030015000640400040000790800044001192450046001630200022002092640045002313000018002765050110002940410008004041000019004126060720260407155857.0260407a1993 arg spa dAR-UNSa-BCEJYS aAR-UNSa-BCEJYSbspacAR-UNSa-BCEJYS a371.12xPersonal docente. Otro personal10aEl tiempo instructivopEstudiando el aula a978-950-701-201-3 1aBuenos Aires :bAique Grupo Editorc1993 a99 p.c22 cm. a1. Conceptos y metáforas para la descripción del aula - 2. Las maestras – 3. Las variables del aula aspa1 aGibaja, Regina